000 01379nam a22003017a 4500
005 20240530110516.0
008 160201s2013 ua g 000 0 ara d
017 _a2013/9858
_bمصر . دار الكتب المصرية
040 _aEG-CaGPL
082 0 4 _221
_a323.4\
_bم آ
110 0 _aمركز القاهرة لدراسات حقوق الانسان
245 1 0 _aالام المخاض :
_bحقوق الانسان فى العالم العربى : التقرير السنوى 2012 /
_cمركز القاهرة لدراسات حقوق الانسان
250 _aط1
260 _aالقاهرة :
_bمركز القاهرة لدراسات حقوق الانسان ،
_c2013 .
300 _a357 ص ؛
_c24 سم .
650 0 4 _aحقوق الانسان
_xالعالم العربى
650 0 4 _aحقوق الانسان
_zمصر
650 0 4 _aحقوق الانسان
_zتونس
650 0 4 _aحقوق الانسان
_zليبيا
650 0 4 _aحقوق الانسان
_zاليمن
650 0 4 _aحقوق الانسان
_zسوريا
650 0 4 _aحقوق الانسان
_zالبحرين
650 0 4 _aالحقوق السياسية
_xالعالم العربى
650 0 4 _aالحقوق المدنية
_xالعالم العربى
650 0 4 _aالنزاع العربى الاسرائيلى
942 _2ddc
_cBK
999 _c61791
_d61791